Dignificación de la mujer / (Record no. 132566)

MARC details
000 -LEADER
campo de control de longitud fija 00613nam a2200193 i 4500
001 - NÚMERO DE CONTROL
campo de control 132566
003 - IDENTIFICADOR DE NÚMERO DE CONTROL
campo de control ES-MaACL
005 - FECHA Y HORA DE LA ÚLTIMA TRANSACCIÓN
campo de control 20230906194213.0
007 - CAMPO FIJO DE DESCRIPCIÓN FÍSICA--INFORMACIÓN GENERAL
campo de control de longitud fija t|
008 - DATOS DE LONGITUD FIJA--INFORMACIÓN GENERAL
campo de control de longitud fija 070214s1930 sp r ||||1| spa d
080 ## - NÚMERO DE LA CLASIFICACIÓN DECIMAL UNIVERSAL
Número de la Clasificación Decimal Universal 396(04)
100 1# - ENTRADA PRINCIPAL--NOMBRE DE PERSONA
Nombre de persona Romier, Lucien.
9 (RLIN) 99467
245 10 - MENCIÓN DEL TÍTULO
Título Dignificación de la mujer /
Mención de responsabilidad, etc. Lucien Romier ; versión española por José de la Cueva.
260 ## - PUBLICACIÓN, DISTRIBUCIÓN, ETC.
Lugar de publicación, distribución, etc. Madrid :
Nombre del editor, distribuidor, etc. Ediciones Literarias,
Fecha de publicación, distribución, etc. 1930 (
Fabricante Sáez Hermanos)
300 ## - DESCRIPCIÓN FÍSICA
Extensión 292 p. ;
Dimensiones 19 x 13 cm.
650 #4 - PUNTO DE ACCESO ADICIONAL DE MATERIA--TÉRMINO DE MATERIA
Término de materia o nombre geográfico como elemento de entrada Mujeres-
Subdivisión general Situación social-
Subdivisión cronológica S.XX.
9 (RLIN) 167814
700 1# - ENTRADA AGREGADA--NOMBRE PERSONAL
Nombre de persona Cueva, José de la.
9 (RLIN) 42086
852 4# - LOCALIZACIÓN
Ubicación ES-MaACL
Número de control de estantería B-12322
Holdings
Estatus retirado Estado de pérdida Estado de daño No para préstamo Biblioteca de origen Biblioteca actual Ubicación en estantería Fecha de adquisición Fuente de adquisición Total de préstamos Signatura topográfica completa Código de barras Visto por última vez Precio de reemplazo Tipo de ítem Koha
        Biblioteca del Ateneo de Madrid Biblioteca del Ateneo de Madrid Sala Pardo Bazán 17/01/2008     B-12322 1138017 23/02/2023 23/02/2023 Libro impreso